00000000nam##2200000za#4500
0019.578320
003CaOODSP
00520210624190031
007cr |||||||||||
008150406|1986||||xxc|||||o    f|0| 0 eng|d
022 |a1488-5379
040 |aCaOODSP|beng
043 |an-cn---
0861 |aFs97-6/1465E-PDF
1101 |aCanada. |bDepartment of Fisheries and Oceans.
24510|aBugsum - a user-interactive computer program for summarizing abundance data on benthic freshwater life forms of Newfoundland / |h[electronic resource]|cby G.W. Marshall and P.M. Ryan.
260 |aSt. John's - Newfoundland and Labrador : |bFisheries and Oceans Canada |c1986.
300 |a72p.|breferences, tables
4901 |aCanadian technical report of fisheries and aquatic sciences|x1488-5379|vNo. 1465
500 |aOn t.p.: Fisheries Research Branch, St. John's, Newfoundland. The catalogue number and ISSN for the print edition appear in the PDF version.
546 |a(Résumé en français)
590 |a14-02-Supp|b2014-01-08
7201 |aMarshall, G. W.
7201 |aRyan, P. M.
830#0|aCanadian technical report of fisheries and aquatic sciences,|x1488-5379|vNo. 1465|w(CaOODSP)9.504449
85640|ahttp://publications.gc.ca|qPDF|s2971 KB|uhttps://publications.gc.ca/collections/collection_2013/mpo-dfo/Fs97-6-1465-eng.pdf|yNo. 1465